000 00751nam a22002297a 4500
003 UA-OsUOA
001 85747
007 ta
008 20120711b un ||||| |||| 00| 0 ukr d
090 _a061.2(082)
_bС87
942 _cBK
040 _aUA-OsUOA
_bukr
_cUA-OsUOA
_dUA-OsUOA
245 _aСтруктури громадської участі в Україні
_bзбірник аналітичних матеріалів
_cза ред. Лациби М., Ходько Н.
300 _a96 с.
955 _a1
041 _aukr
080 _a061.2(082)
020 _a966-8136-13-6
260 _aК.
_bУкр. незалеж. центр політ. дослідж.
_c2003
650 7 _a0 Загальний відділ.
_2UDC
999 _c372051
_d372051